<?xml version="1.0" encoding="UTF-8"?>
<collection xmlns="http://www.loc.gov/MARC21/slim">
 <record>
  <leader>01427nam a2200217Ia 4500</leader>
  <controlfield tag="001">CTU_178349</controlfield>
  <controlfield tag="008">210402s9999    xx            000 0 und d</controlfield>
  <datafield tag="082" ind1=" " ind2=" ">
   <subfield code="a">660.62</subfield>
  </datafield>
  <datafield tag="082" ind1=" " ind2=" ">
   <subfield code="b">Th460</subfield>
  </datafield>
  <datafield tag="088" ind1=" " ind2=" ">
   <subfield code="a">60420201</subfield>
  </datafield>
  <datafield tag="100" ind1=" " ind2=" ">
   <subfield code="a">Đỗ, Thị Bé Thơ</subfield>
  </datafield>
  <datafield tag="245" ind1=" " ind2="0">
   <subfield code="a">Phân lập và khảo sát đặc điểm của một số dòng vi khuẩn Lactic trong cơm mẻ ở Sóc Trăng, Trà Vinh và Bến Tre :</subfield>
  </datafield>
  <datafield tag="245" ind1=" " ind2="0">
   <subfield code="b">Luận văn Thạc sĩ Khoa học. Chuyên ngành Công nghệ sinh học</subfield>
  </datafield>
  <datafield tag="245" ind1=" " ind2="0">
   <subfield code="c">Đỗ Thị Bé Thơ ; Trần Nhân Dũng (Người hướng dẫn khoa học)</subfield>
  </datafield>
  <datafield tag="260" ind1=" " ind2=" ">
   <subfield code="a">Cần Thơ</subfield>
  </datafield>
  <datafield tag="260" ind1=" " ind2=" ">
   <subfield code="b">Trường Đại học Cần Thơ</subfield>
  </datafield>
  <datafield tag="260" ind1=" " ind2=" ">
   <subfield code="c">2012</subfield>
  </datafield>
  <datafield tag="520" ind1=" " ind2=" ">
   <subfield code="a">Đề tài thu thập, điều tra các phương pháp làm cơm mẻ ở các nơi thu mẫu thuộc các tỉnh Sóc trăng, Trà Vinh, Bến Tre. Phân lập, tuyển chọn những dòng LAB có khả năng kháng khuẩn và chịu được độ mặn cao. Định danh các dòng đã tuyển chọn bằng phương pháp giải trình tự gen 16S rRNA.</subfield>
  </datafield>
  <datafield tag="650" ind1=" " ind2=" ">
   <subfield code="a">Fermented foods,Microbial biotechnology,Lactic acid bacteria,Lên men thực phẩm,Vi sinh vật công nghệ sinh học,Vi khuẩn lactic</subfield>
  </datafield>
  <datafield tag="904" ind1=" " ind2=" ">
   <subfield code="i">Năm</subfield>
  </datafield>
  <datafield tag="980" ind1=" " ind2=" ">
   <subfield code="a">Trung tâm Học liệu Trường Đại học Cần Thơ</subfield>
  </datafield>
 </record>
</collection>
